| 000 | 00891aab a2200313a 44500 | ||
|---|---|---|---|
| 008 | 960517s1936 cat | ||
| 041 | _acat | ||
| 080 | _a336.74(460.31) | ||
| 100 |
_aMateu i Llopis, F. _966502 |
||
| 245 | _aEl vocabulari medieval de l'exercici de la monederia segons documents valencians | ||
| 245 | _cF. Mateu i Llopis | ||
| 260 | _c1936 | ||
| 300 | _ap. 98-126 | ||
| 500 | _aApèndix documental: p. 112-126. | ||
| 500 | _aSinònims (amb referències creuades). | ||
| 520 | _aaprox. 140 | ||
| 546 | _acatalà | ||
| 592 | _aObra terminològica | ||
| 593 | _aNEC | ||
| 650 |
_aencunyació _966503 |
||
| 650 |
_amoneda _963944 |
||
| 773 | _gVol. 24 (<1936>) | ||
| 773 | _tButlletí de dialectologia catalana | ||
| 901 | _c(<1936>) | ||
| 902 | _a960517 | ||
| 942 |
_cAS _n0 |
||
| 999 |
_c55364 _d55364 |
||